Polícia noviny pracovníkov Odborového zväzu polície v SR

Bibliographic Details
Corporate Author: Odborový zväz polície v SR (Bratislava, Slovensko) (Publishing director)
Format: Journal
Language:Slovak
PhysicalDescription:zv. 39 cm
Published: Bratislava Odborový zväz polície v Slovenskej republike 1991-
Subjects:
Online Access:https://ozpsr.sk/category/aktualnetemy/noviny-policia/

MARC

LEADER 00000cas a2200000 a 4500
001 vtls011612572
003 SK-MaSNL
005 20260228164435.0
008 170220c19919999xo mr p 0 b0slo
040 |a SNK  |b slo  |c SNK  |d SVKBB  |e AACR2 
041 0 |a slo 
043 0 |a e-xo--- 
044 |a xo  |c SK 
072 7 |a 351  |x Úlohy verejnej správy, správne opatrenia. Legislatíva  |2 konspekt 
072 7 |a 331  |x Práca  |2 konspekt 
080 |a 351.74  |2 2011 
080 |a 331.105.44  |2 2011 
080 |a (051)  |2 2011 
245 0 0 |a Polícia  |b noviny pracovníkov Odborového zväzu polície v SR 
246 3 3 |a Polícia 
260 |a Bratislava  |b Odborový zväz polície v Slovenskej republike  |c 1991- 
300 |a zv.  |c 39 cm 
310 |a 1x mesačne 
362 0 |a 1 (1991)- 
500 |a Podnázov od [2017]: noviny Odborového zväzu polície v SR 
610 1 7 |a Slovensko.  |b Policajný zbor  |2 SNKKA  |9 184368 
650 0 7 |a polícia  |2 SNKPH  |9 1673 
650 0 7 |a odbory  |2 SNKPH  |9 2328 
655 7 |a noviny  |2 SNKPH  |9 72987 
710 2 |a Odborový zväz polície v SR (Bratislava, Slovensko)  |4 pbd  |9 275945 
856 4 1 |u https://ozpsr.sk/category/aktualnetemy/noviny-policia/ 
910 |a snk 
910 |a svkbb 
999 |c 13626  |d 15556 
952 |t len č. 12  |a SNK  |b SNK  |c SNK_KF  |y PREZ  |7 4  |p 17A1559087  |o snkČSA 1537/26/2016  |i snk2026/2554  |8 0  |0 0  |1 0  |4 0  |d 2026-02-18  |l 0  |r 2026-02-21 20:11:48  |w 2026-02-21 
952 |t len č. 1, 7, 9, 11  |a SNK  |b SNK  |c SNK_KF  |y PREZ  |7 4  |p 17A1559088  |o snkČSA 1537/27/2017  |i snk2026/2556  |8 0  |0 0  |1 0  |4 0  |d 2026-02-18  |l 0  |r 2026-02-21 20:11:48  |w 2026-02-21 
952 |t len č. 11  |a SNK  |b SNK  |c SNK_KF  |y PREZ  |7 4  |p 17A1559089  |o snkČSA 1537/28/2018  |i snk2026/2562  |8 0  |0 0  |1 0  |4 0  |d 2026-02-18  |l 0  |r 2026-02-21 20:11:48  |w 2026-02-21 
952 |t len č. 2, 12  |a SNK  |b SNK  |c SNK_KF  |y PREZ  |7 4  |p 17A1559090  |o snkČSA 1537/29/2019  |i snk2026/2563  |8 0  |0 0  |1 0  |4 0  |d 2026-02-18  |l 0  |r 2026-02-21 20:11:48  |w 2026-02-21 
952 |t len č. 11, 12  |a SNK  |b SNK  |c SNK_KF  |y PREZ  |7 4  |p 17A1559091  |o snkČSA 1537/30/2020  |i snk2026/2564  |8 0  |0 0  |1 0  |4 0  |d 2026-02-18  |l 0  |r 2026-02-21 20:11:48  |w 2026-02-21 
952 |t len č. 9, 12  |a SNK  |b SNK  |c SNK_KF  |y PREZ  |7 4  |p 17A1559092  |o snkČSA 1537/31/2021  |i snk2026/2566  |8 0  |0 0  |1 0  |4 0  |d 2026-02-18  |l 0  |r 2026-02-21 20:11:48  |w 2026-02-21 
952 |t č. 1-12  |a SNK  |b SNK  |c SNK_KF  |y PREZ  |7 8  |p 17A1559093  |o snkČSA 1537/32/2022  |i snk2026/2567  |8 0  |0 0  |1 0  |4 0  |d 2026-02-18  |l 0  |r 2026-02-21 20:11:48  |w 2026-02-21 
952 |t č. 1-12  |a SNK  |b SNK  |c SNK_KF  |y PREZ  |7 0  |p 17A1559094  |o snkČSA 1537/32/2022 D1  |i snk2026/2568  |8 0  |0 0  |1 0  |4 0  |d 2026-02-18  |l 0  |r 2026-02-21 20:11:48  |w 2026-02-21 
952 |t č. 1-12  |a SNK  |b SNK  |c SNK_KF  |y PREZ  |7 8  |p 17A1559095  |o snkČSA 1537/33/2023  |i snk2026/2570  |8 0  |0 0  |1 0  |4 0  |d 2026-02-18  |l 0  |r 2026-02-21 20:11:48  |w 2026-02-21 
952 |t č. 1-12  |a SNK  |b SNK  |c SNK_KF  |y PREZ  |7 0  |p 17A1559096  |o snkČSA 1537/33/2023 D1  |i snk2026/2571  |8 0  |0 0  |1 0  |4 0  |d 2026-02-18  |l 0  |r 2026-02-21 20:11:50  |w 2026-02-21 
952 |t č. 1-12  |a SNK  |b SNK  |c SNK_KF  |y PREZ  |7 8  |p 17A1559097  |o snkČSA 1537/34/2024  |i snk2026/2573  |8 0  |0 0  |1 0  |4 0  |d 2026-02-18  |l 0  |r 2026-02-21 20:11:50  |w 2026-02-21 
952 |t č. 1-12  |a SNK  |b SNK  |c SNK_KF  |y PREZ  |7 8  |p 17A1559098  |o snkČSA 1537/35/2025  |i snk2026/2574  |8 0  |0 0  |1 0  |4 0  |d 2026-02-18  |l 0  |r 2026-02-21 20:11:50  |w 2026-02-21